[Event "Genesee County CC Championship"]
[Site "Flint, MI"]
[Date "2001.10.24"]
[Round "3.1"]
[White "Morris, Jewell"]
[Black "Duncan, Jack"]
[Result "0-1"]
[WhiteElo "1848"]
[BlackElo "2063"]
[PlyCount "84"]
[EventDate "2001.10.10"]

1. d4 Nf6 2. c4 e6 3. a3 c5 4. d5 exd5 5. cxd5 d6 6. Nc3 g6 7. Bg5 Bg7 8. Ne4
Qe7 9. Nxf6+ Bxf6 10. Bxf6 Qxf6 11. Qd2 O-O 12. e4 Re8 13. Bd3 c4 14. Bb1 Na6
15. Nf3 Nc5 16. Nd4 Nxe4 17. Qe3 Bf5 18. O-O Nc5 19. Qf4 Qe5 20. Qxe5 Rxe5 21.
Bxf5 gxf5 22. Rac1 Rxd5 23. Rxc4 Re8 24. Nb5 Re4 25. Rc2 Ne6 26. Rc8+ Kg7 27.
Nc3 Rd2 28. Nxe4 fxe4 29. b4 d5 30. Rb8 Ra2 31. Rxb7 Rxa3 32. Rd1 d4 33. g3 Ra2
34. Kf1 Kg6 35. Ke1 Ng5 36. h4 Nf3+ 37. Kf1 e3 38. fxe3 dxe3 39. h5+ Kxh5 40.
Rb5+ Kg6 41. Rd6+ f6 42. Re6 Rf2# 0-1

[Event "Genesee County CC Championship"]
[Site "Flint, MI"]
[Date "2001.10.24"]
[Round "3.9"]
[White "Hazzard, Bill"]
[Black "Thick, Stephen"]
[Result "1-0"]
[WhiteElo "1529"]
[BlackElo "881"]
[PlyCount "53"]
[EventDate "2001.10.10"]

1. d4 d5 2. c4 e5 3. dxe5 dxc4 4. Qxd8+ Kxd8 5. e4 Nc6 6. Nf3 f6 7. Bxc4 Nge7
8. e6 Na5 9. Bd5 c6 10. Nc3 cxd5 11. exd5 Nf5 12. O-O g5 13. Be3 g4 14. Nd4
Nxd4 15. Bxd4 Bg7 16. Rfe1 h5 17. Rad1 h4 18. Ne4 Rf8 19. Nc5 Ke7 20. b3 g3 21.
Bc3 b6 22. d6+ Ke8 23. d7+ Ke7 24. dxc8=Q Raxc8 25. Rd7+ Ke8 26. Ne4 Rg8 27.
Nd6+ 1-0

[Event "Genesee County CC Championship"]
[Site "Flint, MI"]
[Date "2001.10.24"]
[Round "3.8"]
[White "DeVoss, Gary"]
[Black "Maul, Tim"]
[Result "0-1"]
[WhiteElo "913"]
[BlackElo "1547"]
[PlyCount "90"]
[EventDate "2001.10.10"]

1. f4 d5 2. Nf3 c5 3. e3 Nc6 4. b3 Nf6 5. Bb2 e6 6. Bb5 Be7 7. O-O O-O 8. Bxc6
bxc6 9. Ne5 Qc7 10. d3 Nd7 11. Qg4 Bf6 12. d4 Bxe5 13. dxe5 Ba6 14. Rf2 f6 15.
Qxe6+ Kh8 16. Nd2 Rae8 17. Qg4 fxe5 18. Nf3 Nf6 19. Qg5 d4 20. exd4 exd4 21.
Qxc5 Ne4 22. Qxd4 Nxf2 23. Kxf2 Qb6 24. g3 Rd8 25. Qxb6 axb6 26. Re1 Rfe8 27.
Ne5 Kg8 28. Nxc6 Rd2+ 29. Kf3 Rxe1 30. Nb4 Bb7+ 31. Kg4 Rxh2 32. Be5 Kf7 33.
Nd3 Reh1 34. Bc7 Rf1 35. Ne5+ Ke6 36. Bxb6 h5+ 37. Kg5 Rh3 38. Kg6 Rxg3+ 39.
Kh7 Rxf4 40. Ng6 Be4 41. Kxg7 Rxg6+ 42. Kh7 Rf7+ 43. Kh8 Rh6+ 44. Kg8 Bh7+ 45.
Kh8 Rg6 0-1

[Event "Genesee County CC Championship"]
[Site "Flint, MI"]
[Date "2001.10.24"]
[Round "3.7"]
[White "Aldrich, Justin"]
[Black "Fick II, Douglas"]
[Result "1/2-1/2"]
[WhiteElo "1554"]
[BlackElo "1064"]
[PlyCount "90"]
[EventDate "2001.10.10"]

1. e4 e5 2. Nf3 Nc6 3. Bc4 Bc5 4. a3 d6 5. h3 Nf6 6. d3 h6 7. O-O O-O 8. Re1
Be6 9. Bxe6 fxe6 10. Be3 Bb6 11. Nh2 d5 12. Bxb6 axb6 13. Ng4 Nxg4 14. Qxg4 Qf6
15. Rf1 Nd4 16. Qd1 dxe4 17. dxe4 Rad8 18. c3 Nf5 19. Qf3 Nd6 20. Qxf6 Rxf6 21.
Nd2 Rff8 22. Rad1 g6 23. f3 b5 24. Rfe1 Nc4 25. Nxc4 bxc4 26. Kf2 Kf7 27. Ke2
Ke7 28. Rxd8 Rxd8 29. Rd1 Rxd1 30. Kxd1 Kf6 31. a4 Kg5 32. g3 h5 33. h4+ Kf6
34. Kc2 g5 35. Kb1 gxh4 36. gxh4 Ke7 37. Kc2 Kd6 38. Kd2 Ke7 39. Ke3 Kf6 40. f4
c6 41. Kf3 exf4 42. Kxf4 e5+ 43. Ke3 Ke6 44. Kd2 Kd6 45. Kc2 Kc7 1/2-1/2

[Event "Genesee County CC Championship"]
[Site "Flint, MI"]
[Date "2001.10.24"]
[Round "3.4"]
[White "Aldrich, Jeff"]
[Black "Hershberger, Kent"]
[Result "1-0"]
[WhiteElo "1900"]
[BlackElo "1437"]
[Annotator "Jeff Aldrich"]
[PlyCount "51"]
[EventDate "2001.10.10"]

1. d4 Nf6 2. c4 e6 3. Nc3 Bb4 4. e3 c5 5. Bd3 Nc6 6. Nge2 d5 7. O-O a6 8. a3
cxd4 9. exd4 dxc4 10. Bxc4 Ba5 11. Bg5 Bc7 12. Ne4 b5 13. Ba2 Bb7 14. d5 Ne5
15. N2c3 exd5 16. Nxd5 Bxd5 17. Bxd5 Rb8 18. Re1 O-O 19. Nxf6+ gxf6 20. Bh6 Re8
21. Qb3 Re7 22. Rad1 Qe8 23. Rxe5 Bxe5 24. f4 Bxb2 $2 (24... Bxf4 $3) 25. Qg3+
Kh8 26. Qg7# 1-0

[Event "Genesee County CC Championship"]
[Site "Flint, MI"]
[Date "2001.11.07"]
[Round "4.2"]
[White "Vandivier, Don"]
[Black "Aldrich, Jeff"]
[Result "0-1"]
[WhiteElo "1929"]
[BlackElo "1900"]
[PlyCount "50"]
[EventDate "2001.10.10"]

1. e4 c6 2. d4 d5 3. exd5 cxd5 4. c4 Nf6 5. Nc3 e6 6. Nf3 Nc6 7. Bd3 Bb4 8. O-O
a6 9. cxd5 Nxd5 10. Qc2 h6 11. a3 Be7 12. Re1 O-O 13. Qe2 Nf6 14. Ne4 Nd5 15.
h3 b5 16. Bd2 Bb7 17. Rac1 Rc8 18. Nc5 Nxd4 19. Qe4 Nxf3+ 20. gxf3 Nf6 21. Nxb7
Nxe4 22. Nxd8 Nxd2 23. Rxc8 Nxf3+ 24. Kf1 Nxe1 25. Kxe1 Rxd8 0-1

[Event "Genesee County CC Championship"]
[Site "Flint, MI"]
[Date "2001.11.07"]
[Round "4.1"]
[White "Duncan, Jack"]
[Black "Kriseler, Mark"]
[Result "1-0"]
[WhiteElo "2063"]
[BlackElo "1956"]
[PlyCount "113"]
[EventDate "2001.10.10"]

1. e4 e5 2. Nf3 Nc6 3. Bb5 Bc5 4. O-O d6 5. h3 Bd7 6. c3 Nf6 7. d4 Bb6 8. d5
Ne7 9. Bxd7+ Qxd7 10. Qd3 Ng6 11. c4 h6 12. Nc3 Nf4 13. Bxf4 exf4 14. e5 Nh5
15. e6 Qe7 16. Qf5 Ng3 17. Qxf7+ Qxf7 18. exf7+ Kxf7 19. Rfe1 Rhe8 20. Na4 Nf5
21. Nxb6 Rxe1+ 22. Rxe1 axb6 23. Re4 g5 24. h4 Kg6 25. hxg5 hxg5 26. Re6+ Kh5
27. a3 g4 28. Rf6 gxf3 29. Rxf5+ Kg4 30. Rf7 fxg2 31. Kxg2 Rc8 32. Rg7+ Kf5 33.
Kf3 Ke5 34. Rf7 b5 35. Re7+ Kd4 36. Re4+ Kd3 37. cxb5 Kc2 38. Rb4 Rh8 39. b6 c5
40. dxc6 bxc6 41. b7 Rb8 42. a4 c5 43. Rb5 d5 44. Rxc5+ Kxb2 45. Rb5+ Ka3 46.
a5 Ka4 47. a6 Kxb5 48. a7 Rxb7 49. a8=Q Rd7 50. Qe8 Kc6 51. Kxf4 d4 52. Ke5 d3
53. Ke6 Kc5 54. Qxd7 Kc4 55. Qc6+ Kd4 56. Qc1 Ke4 57. Qe3# 1-0

[Event "Genesee County CC Championship"]
[Site "Flint, MI"]
[Date "2001.11.14"]
[Round "5.3"]
[White "Morris, Jewell"]
[Black "Laurin, Edward"]
[Result "1-0"]
[WhiteElo "1831"]
[BlackElo "1555"]
[Annotator "Edward Laurin"]
[PlyCount "49"]
[EventDate "2001.10.10"]

1. d4 Nf6 2. c4 e6 3. Nc3 Bb4 4. Qc2 c5 5. e3 Nc6 6. Nf3 d5 $2 {This move
allow s white to gain space on the board. Better is to just play cd and then
d5.} 7. dxc5 Ne4 8. Bd2 Nxd2 9. Qxd2 Ne7 10. a3 Bxc3 {Now black's controlling
position is gone and white is up a pawn.} 11. Qxc3 O-O 12. Bd3 Qc7 13. b4 a5
14. O-O Bd7 15. Nd4 dxc4 16. Qxc4 Rfc8 {Black needs to be aware of his
unprotected king side as well as his unprotected knight. Best is to play g6 to
block off diagonals for the bishop, before the following combination begins.}
17. Nb5 Qc6 18. Nd6 Rc7 19. Rac1 Qa4 {The queen is already quite a bit out of
play, now it is even more so. Best is to play ab and take control of the a
file or f5 taking attacking squares away from white's bishop.} 20. Bxh7+ Kxh7
21. Qh4+ Kg8 22. Qxe7 Qxa3 23. Qxf7+ Kh8 24. Rc4 Bb5 25. Rh4# 1-0

[Event "Genesee County CC Championship"]
[Site "Flint, MI"]
[Date "2001.11.14"]
[Round "5.1"]
[White "Aldrich, Jeff"]
[Black "Duncan, Jack"]
[Result "0-1"]
[WhiteElo "2063"]
[BlackElo "1900"]
[PlyCount "92"]
[EventDate "2001.10.10"]

1. d4 Nf6 2. c4 e6 3. Nc3 Bb4 4. e3 O-O 5. Bd3 c5 6. Nge2 cxd4 7. exd4 d5 8.
O-O dxc4 9. Bxc4 Nc6 10. Bg5 Be7 11. Qd2 b6 12. Rad1 Bb7 13. a3 Rc8 14. Ba2 Nd5
15. Be3 Nxe3 16. fxe3 Bg5 17. Qd3 Ne7 18. e4 Qd7 19. Ng3 e5 20. Nf5 Nxf5 21.
Rxf5 Qxd4+ 22. Qxd4 exd4 23. Nd5 Bxd5 24. Bxd5 Rc1 25. Rxc1 Bxc1 26. b3 Bxa3
27. Bc4 g6 28. Rd5 Re8 29. e5 Re7 30. Kf1 Kg7 31. Rxd4 Rxe5 32. Rd2 Bb4 33. Rd7
Re7 34. Rd8 f5 35. Kf2 Kf6 36. Kf3 Bc5 37. h4 Re3+ 38. Kf4 Re4+ 39. Kg3 Rg4+
40. Kh3 Bf2 41. Rf8+ Ke5 42. Re8+ Kf4 43. g3+ Rxg3+ 44. Kh2 Kg4 45. Re7 h5 46.
Rg7 Kxh4 0-1

[Event "Cornfield Open"]
[Site "Birch Run, MI"]
[Date "2001.11.18"]
[Round "1"]
[White "Myron, Leslie"]
[Black "Laurin, Edward"]
[Result "0-1"]
[WhiteElo "876"]
[BlackElo "1555"]
[Annotator "Edward Laurin"]
[PlyCount "70"]
[EventDate "2001.11.18"]

1. e4 d6 2. f4 Nf6 3. Bd3 $2 {Prevents developement of c1 bishop, better is
Nc3 or d3.} Nbd7 4. b3 Nc5 5. Qe2 Bg4 6. Nf3 Nxd3+ 7. cxd3 $2 {Much better is
Qxd3, this keeps unity on the queen side and removes the pin on the knight.}
Nd7 8. Nc3 e5 9. fxe5 {Better is f5, as this keeps the structure sound and
keeps the knight from gaining space.} Nxe5 10. Bb2 Nxf3+ 11. gxf3 Qh4+ 12. Qf2
Qxf2+ 13. Kxf2 Be6 14. Nb5 $6 {This move prevents black from castling, as
there is no other way to protect both a7 and c7, but casting is not important
in this position as it is so close to an endgame. Better was Rhg1 or Rac1.} Kd7
15. Rhc1 $2 {Prevents developement of the rook on a1. Better is Rac1.} c6 16.
Nd4 Rg8 $5 {This move is unique in style, but it takes the pressure off of g8,
while permitting Be7 and keeping the pawn on f7 protecting the e6 bishop.} 17.
Rc3 Be7 18. Rac1 Bf6 19. R3c2 c5 20. Bc3 $4 {This move drops the pawn on d4.
Better was Ne2.} cxd4 21. Bxd4 $2 {Best not to trade pieces once down on
material. Better is Ba5 attempting to gain access to the seventh with the
rooks.} Bxd4+ 22. Ke2 Rac8 23. a4 $2 {The game is pretty much over from this
point anyway, but this drops the pawn on b3.} Bxb3 24. Rc7+ $4 {White is
attempting to get out of the pin with the rooks, but better is just to trade
one room rather than dropping one.} Rxc7 25. Rb1 Bxa4 $2 {Allows a fork
between the bishops. Better was simply Be6.} 26. Rb4 Be5 27. Rxa4 a6 28. Ra5
Rc2 29. f4 $2 {Best is to simply walk out of the pin by moving Ke3.} Bxf4 30.
Kf3 Bxd2 31. Rg5 $4 {This drops the rook. Better was Rf5 attempting to put
some pressure on black's position.} Bxg5 32. d4 h5 33. e5 $2 {This effec
tively allows black to cage white in with d5, as the king can longer move
backwards or forward!} d5 $1 {Interesting idea to create a cage around the
king. He can no longer move forward because of the bishop/ pawns, and the rook
prevents any movement backwards. Checkmate will come soon!} 34. h3 Rgc8 35. Kg3
R8c3# 0-1

[Event "Cornfield Open"]
[Site "Birch Run, MI"]
[Date "2001.11.18"]
[Round "5"]
[White "Laurin, Edward"]
[Black "LaFerriere, Adam"]
[Result "1-0"]
[WhiteElo "1555"]
[BlackElo "1253"]
[Annotator "Edward Laurin"]
[PlyCount "83"]
[EventDate "2001.11.18"]

1. e4 Nf6 2. Nc3 d5 3. exd5 Nxd5 4. Nxd5 Qxd5 5. Nf3 Bg4 6. Be2 Qe6 {This
isn't standard lines in the Alekhine, it allows white the tempo to castle.
Better is to develope with e5, g6 or Nc6.} 7. O-O Nc6 8. Re1 Bxf3 {This just
gives white another tempo with Bxf3, forcing the queen to move.} 9. Bxf3 Qd6
10. d3 O-O-O 11. Be3 Kb8 {Bxa6 is a blunt threat, because of b6 trapping the
bishop. Better is to respond to the position by developing the black bishop
with e6.} 12. Qd2 g6 $2 {This opens up too many squares around the queenside,
and does not develope the bishop properly. Better is e6.} 13. Qc3 Ne5 14. Bxa7+
Kxa7 15. Qxe5 Qxe5 16. Rxe5 e6 17. a4 Rd6 18. Ra5+ {Better is to keep the rook
pair and attempt to break things open. Opposite color bishop endgames usually
end in a draw even with a set of rooks on the board.} Ra6 19. Rxa6+ Kxa6 20. b4
Bg7 21. Re1 Bc3 22. Re4 Rd8 23. Rc4 Be5 24. b5+ Ka7 25. a5 Bd6 {Better is to
play Rd4 and trade off the rooks. Once they are gone the game should be a draw.
} 26. Rc3 Rd7 27. Rb3 Bc5 28. Kf1 Rd4 29. c4 f5 30. Ke2 e5 $2 {This opens
lines for white's bishop. Best to keep these closed as long as possible.
Better would be g5 gaining sqace on the king side and forcing g3.} 31. Bd5 h6
32. Rb2 {Better would have been Rb1 right away, giving space to the king side
and allowing maneuvering on the queen side.} g5 33. Ra2 h5 34. a6 b6 35. Ra1 h4
36. g3 hxg3 37. hxg3 f4 38. gxf4 Rxf4 39. f3 g4 40. Rh1 g3 41. Rh8 g2 $4 {
Allows checkmate! Required is Rf8 which keeps the game a drawn position.} 42.
Ra8# 1-0

[Event "Cornfield Open"]
[Site "Birch Run, MI"]
[Date "2001.11.18"]
[Round "4"]
[White "Laurin, Edward"]
[Black "Hershberger, Kent"]
[Result "0-1"]
[WhiteElo "1555"]
[BlackElo "1437"]
[Annotator "Edward Laurin"]
[PlyCount "60"]
[EventDate "2001.11.18"]

1. e4 e5 2. Nf3 Nf6 3. Nxe5 d6 4. Nf3 Nxe4 5. Qe2 Qe7 6. d3 Nf6 7. Bg5 Qxe2+ 8.
Bxe2 Be7 9. Nbd2 Nc6 10. c3 Bd7 {The game finally deviates somewhat from the
normal play of this line. Usually Bd6 is made, as this gives more scope to the
white bishop.} 11. Ne4 $2 {This move loses it all, position, tempo, and
various other effects. White was thinking that after 11) ... Nxe4 12) Bxe7
Nxe7 13) de, but failed to notice that after 11) ... Nxe4 12) Bxe7 Nxf2! works
well for black. Better would have been castling.} Nxe4 12. dxe4 Bxg5 13. Nxg5
Ne5 14. Nf3 $2 {Better was f4 taking away the 'sweet' square from the knight
and gaining space.} Ng6 15. g3 Bc6 16. Nd2 f5 17. Bd3 $2 {Better was 17) Bf3
Ne5 18) Bg2 fe 19) Nxe4 keeping control of the white diagonal around the
exposed kingside.} Ne5 18. Bc2 fxe4 19. Bxe4 Bxe4 20. Nxe4 O-O 21. O-O $2 {
This drops a knight and cramps white's position. Better was f4 daring black to
commit its knight to either 21) ... Nd3+ 22) Ke2 Nxb2 23) Rab1 Nc4 24) Rxb7 or
finding a different square for their knight.} Nf3+ 22. Kg2 Rae8 23. Nxd6 cxd6
24. Rad1 Re2 25. Rxd6 Rxb2 26. Rd7 Ne5 27. Rd5 $2 {Better was to keep the rook
on the 7th rank with Rc7 or Re7.} Ng4 28. Re1 Nxf2 29. Kg1 Nh3+ 30. Kh1 Rff2
0-1

[Event "Cornfield Open"]
[Site "Birch Run, MI"]
[Date "2001.11.18"]
[Round "2"]
[White "Laurin, Edward"]
[Black "Brothers, Alex"]
[Result "1-0"]
[WhiteElo "1555"]
[BlackElo "751"]
[Annotator "Edward Laurin"]
[PlyCount "131"]
[EventDate "2001.11.18"]

1. e4 e5 2. Nf3 d6 3. d4 Be7 $2 {This allows white to win a pawn. Correct is 3)
... de 4) Nxd4 Nc6} 4. dxe5 dxe5 5. Qxd8+ Bxd8 6. Nxe5 Nf6 7. Bc4 Be6 $2 {This
allows white to damage black's pawn structure. Best is just to castle.} 8. Bxe6
fxe6 9. Nc3 Nbd7 10. Nxd7 Nxd7 11. Ne2 Bf6 12. c3 O-O-O 13. Be3 b6 $2 {This
move is uncessary because after 14) Bxa7 b6 the white bishop is trapped.
Better is simply to develope the rooks and knight. Ne5 with a followup of Nc4
or Rhf8 looks interesting.} 14. Rd1 e5 15. O-O Nc5 $2 {This move allows white
to destroy black's pawn structure. Better is to develope the rooks.} 16. Bxc5
bxc5 17. Ng3 Rd7 $2 {This allows white to gain tempo and gain the open file.
Best is to play g6 to force the knight to return to e2 in order for it to stay
in play.} 18. Rxd7 Kxd7 19. Rd1+ Kc8 20. Nh5 Rd8 $2 {Never a good idea to
trade pieces when down.} 21. Rxd8+ Kxd8 22. Nxf6 gxf6 23. Kf1 a5 $2 {In the
endgame the king is most important, you must get your king to a good position,
in this case the center!} 24. Ke2 Kd7 25. Kd3 Kc6 26. Kc4 Kb6 27. Kd5 $2 {
Although this looks sound, white needs to keep his king on the queen side, as
black's king will have free reign there. Best is to play g3 followed by f4.}
Kb5 28. Ke6 a4 29. Kxf6 Kc4 30. Kxe5 a3 31. bxa3 $6 {This destroys white's
position, and pretty much forces a draw, b3+ is better but still allows a draw
as 31) b3+ Kxc3 32) f4 c4 and the pawns queen at the same time.} Kxc3 32. f4 c4
33. f5 Kb2 34. f6 c3 35. f7 c2 36. f8=Q c1=Q 37. Qf2+ Ka1 {Better is probably
Kb1 as there are no checking squares for the white queen.} 38. h4 c5 39. Kf5 c4
40. e5 c3 41. e6 Qb1+ 42. Kg4 c2 43. Qd4+ Kxa2 44. Qc4+ Qb3 45. Qxb3+ Kxb3 46.
e7 c1=Q 47. e8=Q Qc4+ 48. Kf3 Qf1+ 49. Kg3 Qd3+ 50. Kf2 Qd2+ $4 {This allows
white to get his queen in the game, and once thats in the game is a win for
white. Best is to play Qf5+ and continue with the no progress intentions by
keeping white's queen away!} 51. Qe2 Qf4+ 52. Qf3+ Qxf3+ 53. gxf3 Kxa3 54. Ke3
Kb4 55. Kd4 h5 56. f4 Kb5 57. Kd5 Kb6 58. Kd6 Kb7 59. f5 Kc8 60. f6 Kd8 61. f7
Kc8 62. f8=Q+ Kb7 63. Qf5 Kb8 64. Kc6 Ka7 65. Qb5 Ka8 66. Qb7# 1-0

[Event "Cornfield Open"]
[Site "Birch Run, MI"]
[Date "2001.11.18"]
[Round "3"]
[White "Brown, Ralph"]
[Black "Laurin, Edward"]
[Result "1/2-1/2"]
[WhiteElo "1600"]
[BlackElo "1555"]
[Annotator "Edward Laurin"]
[PlyCount "58"]
[EventDate "2001.11.18"]

1. d4 Nf6 2. Bg5 e6 3. Nc3 Be7 {Bb4 is better as it is the Nimzo's main line.
Be7 is too passive and diverts from the openings main concepts.} 4. e4 d5 5. e5
Nfd7 6. Bf4 c5 7. Qg4 g6 8. Nge2 Nc6 9. Be3 cxd4 10. Nxd4 $6 {This drops a
pawn, but keeping the black bishop to take advantage of the exposed black
spaces on the kingside.} Ncxe5 11. Qh3 Nc6 12. Bb5 Nxd4 13. Bxd4 Bf6 14. O-O-O
Bxd4 15. Rxd4 a6 16. Bd3 Nc5 {This is an interesting move, threatening e5,
forking the rook and queen.} 17. Qe3 Nxd3+ 18. Rxd3 O-O 19. Qh6 Qf6 20. f4 Bd7
21. Re1 Qg7 22. Qg5 f5 23. h4 Qf6 24. Re5 Qxg5 25. hxg5 Kf7 {This move is too
passive/quick, better was to either place Rf7 or Rc8 and attempt to gain
access to the open files and other side of the board by activing his rooks.}
26. Rh3 Kg7 27. Ne2 Rh8 {This move is too passive and keeps both of black's
rooks out of the main line. Better was to play Rae8 and prepare to double up
his rooks.} 28. Nd4 Rae8 29. Rhe3 Kf7 {The game went on to a draw king queen
vs king queen. White probably had a win in this position by taking advance of
black's cramped h rook with thefollowing: 30) Rb3 Rb8 (Not 30) ... Bc6? 31)
Nxc6 bc 32) Rb7+ Kf8 33) Rb6 31) Rb6 and black goes down material.) 31) Rb6
Rhe8 32) Ng3 Bc6 33) Nc5 putting a good deal of pressure on black's position.}
1/2-1/2

[Event "Motor City Open"]
[Site "Warren, MI"]
[Date "2001.11.24"]
[Round "4"]
[White "West, Tony"]
[Black "Smeckert, Dennis"]
[Result "1-0"]
[WhiteElo "1839"]
[BlackElo "1284"]
[PlyCount "61"]
[EventDate "2001.11.23"]

1. e4 e5 2. Nf3 Nc6 3. Bc4 Nf6 4. d3 Be7 5. O-O d6 6. c3 O-O 7. Bb3 h6 8. Nbd2
Re8 9. Re1 Bf8 10. Nf1 Ne7 11. Ng3 Bg4 12. h3 Bc8 13. d4 exd4 14. cxd4 c6 15.
Be3 g5 16. Bxg5 hxg5 17. Nxg5 d5 18. e5 Ng6 19. exf6 Rxe1+ 20. Qxe1 Qxf6 21.
Nf3 Bxh3 22. gxh3 Qxf3 23. Qe3 Nh4 24. Qg5+ Ng6 25. Re1 Bg7 26. Nf5 Qxh3 27.
Re3 Qh7 28. Kg2 f6 29. Qg4 Qh5 30. Ne7+ Kh7 31. Qxh5+ 1-0

[Event "Motor City Open"]
[Site "Warren, MI"]
[Date "2001.11.24"]
[Round "4"]
[White "Vlacic, Sretko"]
[Black "Kaercher, Ken"]
[Result "1-0"]
[WhiteElo "1631"]
[BlackElo "1124"]
[PlyCount "43"]
[EventDate "2001.11.23"]

1. d4 d5 2. Nf3 Nf6 3. Bg5 e6 4. e3 Be7 5. Nbd2 Ne4 6. Bf4 O-O 7. Bd3 Nf6 8. c4
c6 9. Rc1 Nbd7 10. Bb1 b6 11. Qc2 Bb7 12. Ne5 Rc8 13. Nxd7 Qxd7 14. Be5 g6 15.
h4 h5 16. Rh3 dxc4 17. Ne4 Nxe4 18. Qxe4 c5 19. Qf4 cxd4 20. Qh6 f6 21. Qxg6+
Kh8 22. Qh7# 1-0

[Event "Motor City Open"]
[Site "Warren, MI"]
[Date "2001.11.24"]
[Round "5"]
[White "Vandivier, Don"]
[Black "Kahn, Aaron"]
[Result "1-0"]
[WhiteElo "1929"]
[BlackElo "1705"]
[PlyCount "19"]
[EventDate "2001.11.23"]

1. e4 c5 2. Nf3 d6 3. d4 cxd4 4. Nxd4 Nf6 5. Nc3 g6 6. f4 Bg7 $6 7. e5 $5 dxe5
8. fxe5 Ng4 $2 9. Bb5+ Kf8 $4 ({Black is inferior but not lost after} 9... Nc6
10. Nxc6 Qxd1+ 11. Nxd1 a6 12. Ba4 Bd7 13. h3 Nh6 14. Nxe7 Bxa4 15. Nd5 Rd8 16.
c4 Bc6 17. N1c3) 10. Ne6+ $3 1-0

[Event "Motor City Open"]
[Site "Warren, MI"]
[Date "2001.11.24"]
[Round "3"]
[White "Vandivier, Don"]
[Black "Choudhury, M.D."]
[Result "1-0"]
[WhiteElo "2071"]
[BlackElo "1929"]
[PlyCount "101"]
[EventDate "2001.11.23"]

1. e4 e5 2. Nf3 Nc6 3. d4 exd4 4. Bc4 Nf6 5. e5 d5 6. Bb5 Ne4 7. Nxd4 Bd7 8.
Bxc6 bxc6 9. O-O Bc5 10. Be3 O-O 11. Nd2 {After years of playing 11.f3?! (the
commended book move) I found this line to give Black much more problems. White
will take over the dark squares and Black will end up with a bad white-square
bishop in the ending.} f5 $2 12. N2b3 ({Fritz showed me that after 11...f5?
White can also get the advantage with} 12. Nxe4 $1 fxe4 (12... Bxd4 13. Nf6+ $1
gxf6 14. Qxd4 {and Black has a horrible position.}) 13. Nxc6 {winning a pawn})
12... Bxd4 13. Bxd4 Qh4 $6 14. f3 Ng5 15. Nc5 Bc8 16. Bf2 Qb4 17. Qd4 Rb8 18.
b3 {I saw these other variations and decided to play b3 immediately.} (18. Qxb4
Rxb4 19. h4 Ne6 (19... Nf7 20. e6 Nd6 21. b3 Re8 22. Rfe1) 20. Nxe6 Bxe6 21.
Bc5 Rxb2 22. Bxf8 Kxf8) 18... Re8 19. h4 $1 Qxd4 20. Bxd4 Ne6 21. Nxe6 Rxe6 22.
Bxa7 Rb4 23. f4 Ba6 24. Rf2 Re4 25. Bc5 Kf7 26. Kh2 Kg6 27. g4 $1 Re2 28. Rxe2
Bxe2 29. h5+ Kf7 30. gxf5 Rh6 31. e6+ Kf6 32. Kg3 ({Also winning is} 32. Re1
Bxh5 33. Kg3 Kxf5 34. Re5+ Kf6 35. a4) 32... Kxf5 (32... Bxh5 33. Rh1 $1 Be8
34. Rxh6+ gxh6 35. a4 {wins}) 33. e7 Re6 (33... Bxh5 $2 34. Rh1) 34. Rh1 d4 35.
Rh2 Re3+ 36. Kf2 Bg4 37. a4 $1 Kxf4 38. a5 Re2+ 39. Kf1 $3 Rxh2 $6 ({If} 39...
Re5 {I had planned} 40. Rh4 $3 Kg3 41. Rxg4+ Kxg4 42. a6 $3 {and Black can't
stop one of the pawns from Queening.}) 40. e8=Q Rxc2 41. Qf7+ Bf5 42. Bxd4 c5
43. Qxc7+ Kf3 {White must be careful here. 1st I make the King move to avoid
the mate threat.} 44. Qb7+ Kf4 45. Bxg7 Rc1+ 46. Ke2 Bg4+ 47. Kd2 Rd1+ 48. Kc2
Rd7 49. Bh6+ Ke5 50. a6 $1 Bf5+ 51. Kb2 1-0